<?xml version="1.0" encoding="UTF-8"?>
<marc:record xmlns:marc="http://www.loc.gov/MARC21/slim">
   <marc:leader>00000nam a2200000 a 4500</marc:leader>
   <marc:datafield ind1=" " ind2=" " tag="653">
      <marc:subfield code="a">Bildband</marc:subfield>
   </marc:datafield>
   <marc:datafield ind1=" " ind2=" " tag="653">
      <marc:subfield code="a">Korallenriff</marc:subfield>
   </marc:datafield>
   <marc:datafield ind1=" " ind2=" " tag="653">
      <marc:subfield code="a">Meerespflanzen</marc:subfield>
   </marc:datafield>
   <marc:datafield ind1=" " ind2=" " tag="653">
      <marc:subfield code="a">Meerestiere</marc:subfield>
   </marc:datafield>
   <marc:datafield ind1="0" ind2="0" tag="245">
      <marc:subfield code="a">Korallenriffe</marc:subfield>
   </marc:datafield>
   <marc:datafield ind1="0" ind2="0" tag="245">
      <marc:subfield code="b">Tauchführer</marc:subfield>
   </marc:datafield>
   <marc:datafield ind1=" " ind2="1" tag="264">
      <marc:subfield code="b">Jahr-Verl.</marc:subfield>
      <marc:subfield code="c">1995</marc:subfield>
   </marc:datafield>
   <marc:datafield ind1="1" ind2=" " tag="520">
      <marc:subfield code="a">Dies ist kein Tauchführer zu bestimmten Korallenriffen sondern vielmehr ein faszinierendes, inhaltlich abgerundetes Sachbuch über Korallenriffe, ihre Geschichte, Geografie, Flora und Fauna. Der Mailänder Meeresbiologe versteht es, allgemeinverständlich zu formulieren und dennoch wissenschaftlich korrekt zu bleiben. Die exzellenten Farbaufnahmen schmücken das Buch nicht nur, sondern dienen zusammen mit ihren Untertiteln auch der Information. Im Anhang finden sich 315 farbige Zeichnungen der bekanntesten Fische, die in tropischen Korallenriffen leben. Zwischen Helmut Schumacher (4. Auflage, BA 2/93) als umfassendem Überblick auf gutem wissenschaftlichem Niveau und Roger Steene (BA 9/91) als reinem Bildband einzusetzen. (2)</marc:subfield>
   </marc:datafield>
   <marc:datafield ind1="3" ind2=" " tag="024">
      <marc:subfield code="a">3861321599</marc:subfield>
   </marc:datafield>
</marc:record>
